<A> possible solution to tropical troubles? Debt-for-nature swaps.
Príčinné súvislosti medzi vysokou mierou deštrukcie tropických pralesov a ťažkým zadlžením týchto tropických krajín. Nové vlny hypotéz o väzbách medzi životným prostredím a zadlženosťou - sociálno-ekonomické dopady. Stratégia riadenia ochrany prírodných zdrojov. Špecifiká organizácie a mechanizmy oc...
Salvato in:
| Autore principale: | |
|---|---|
| Altri autori: | |
| Natura: | Capitolo di libro |
| Lingua: | inglese |
| Soggetti: | |
| Tags: |
Nessun Tag, puoi essere il primo ad aggiungerne!!
|
MARC
| LEADER | 00000naa a2200000 4500 | ||
|---|---|---|---|
| 001 | r011660 | ||
| 005 | 20221213084954.0 | ||
| 041 | 0 | |a eng | |
| 044 | |a GB | ||
| 245 | 1 | 0 | |a <A> possible solution to tropical troubles? |b Debt-for-nature swaps. |c A.U. Sarkar, K.L. Ebbs |
| 520 | |a Príčinné súvislosti medzi vysokou mierou deštrukcie tropických pralesov a ťažkým zadlžením týchto tropických krajín. Nové vlny hypotéz o väzbách medzi životným prostredím a zadlženosťou - sociálno-ekonomické dopady. Stratégia riadenia ochrany prírodných zdrojov. Špecifiká organizácie a mechanizmy ochrany životného prostredia v troch tropických krajinách. | ||
| 610 | 2 | 0 | |a zadlženosť zahraničná |
| 610 | 2 | 0 | |a krajiny rozvojové |
| 610 | 2 | 0 | |a ekológia |
| 610 | 2 | 0 | |a prostredie životné |
| 610 | 2 | 0 | |a zdroje prírodné |
| 610 | 2 | 0 | |a údaje štatistické |
| 610 | 2 | 0 | |a rozvoj sociálno-ekonomický |
| 610 | 2 | 0 | |a Bolívia |
| 610 | 2 | 0 | |a Kostarika |
| 610 | 2 | 0 | |a Brazília |
| 610 | 2 | 0 | |a problémy globálne |
| 100 | 1 | |a Sarkar, A.U. | |
| 700 | 1 | |a Ebbs, K.L. | |